Statystyki dla Quiz o Brunei

Kliknij tutaj aby rozwiązać quiz!

Ogólne statystyki

  • Ten quiz został rozwiązany 563 razy
  • Średni wynik to 12 z 16

Statystyki odpowiedzi

WskazówkaOdpowiedź% Poprawnych
Inne państwa na powyższej wyspieIndonezja
96%
Inne państwa na powyższej wyspieMalezja
96%
Najpopularniejsza religiaIslam
93%
Państwo, od którego Brunei uzyskało niepodległość w 1984Wielka Brytania
85%
Największa wyspa, na której leży BruneiBorneo
84%
System rządów BruneiMonarchia
{absolutna}
83%
W Brunei można spotkać nosacza sundajskiego.
Jaką część ciała ma on większą niż inne małpy?
Nos
82%
StolicaBandar Seri Begawan
76%
Morze graniczące z BruneiMorze
{Południowochińskie}
75%
Największy eksportRopa naftowa
70%
Tytuł głowy państwaSułtan
69%
WalutaDolar brunejski
56%
Nietypowa kara, którą Brunei, podobnie jak
Singapur, wymierza za pewne przestępstwa
Chłosta
54%
Pełna nazwaBrunei {Darussalam}
50%
"Przestępstwo”, za które ludzie mogą być
ukamienowani zgodnie z prawem z 2019 roku
Homoseksualizm
45%
Druga największa grupa etniczna, po MalajachChińczycy
43%

Rozkład punktacji

Percentyl według liczby udzielonych odpowiedzi

Procent ludzi z każdym wynikiem

Twoja historia wyników

Nie rozwiązałeś tego quizu